El equilibrio en la equitación / (Record no. 132670)

MARC details
000 -LEADER
campo de control de longitud fija 00683nam a2200193 i 4500
001 - NÚMERO DE CONTROL
campo de control 132670
003 - IDENTIFICADOR DE NÚMERO DE CONTROL
campo de control ES-MaACL
005 - FECHA Y HORA DE LA ÚLTIMA TRANSACCIÓN
campo de control 20230906194226.0
007 - CAMPO FIJO DE DESCRIPCIÓN FÍSICA--INFORMACIÓN GENERAL
campo de control de longitud fija t|
008 - DATOS DE LONGITUD FIJA--INFORMACIÓN GENERAL
campo de control de longitud fija 070214s1953 sp a |||| | spa d
100 1# - ENTRADA PRINCIPAL--NOMBRE DE PERSONA
Nombre de persona Romaszkan, Gregor de.
9 (RLIN) 99274
245 13 - MENCIÓN DEL TÍTULO
Título El equilibrio en la equitación /
Mención de responsabilidad, etc. Gregor de Romaszkan ; traducción íntegra del alemán por Edgar P. Bruck ; introducción y revisión técnica de Joaquín Nogueras Márquez.
260 ## - PUBLICACIÓN, DISTRIBUCIÓN, ETC.
Lugar de publicación, distribución, etc. Barcelona :
Nombre del editor, distribuidor, etc. Fama,
Fecha de publicación, distribución, etc. 1953.
300 ## - DESCRIPCIÓN FÍSICA
Extensión 121 p. :
Otras características físicas il. ;
Dimensiones 22 cm.
650 #4 - PUNTO DE ACCESO ADICIONAL DE MATERIA--TÉRMINO DE MATERIA
Término de materia o nombre geográfico como elemento de entrada Equitación.
9 (RLIN) 136007
700 1# - ENTRADA AGREGADA--NOMBRE PERSONAL
Nombre de persona Bruck, Edgar Pedro.
9 (RLIN) 32059
700 1# - ENTRADA AGREGADA--NOMBRE PERSONAL
Nombre de persona Nogueras Marquez, Joaquín.
9 (RLIN) 85885
852 ## - LOCALIZACIÓN
Ubicación ES-MaACL
Número de control de estantería D-9113
Holdings
Estatus retirado Estado de pérdida Estado de daño No para préstamo Biblioteca de origen Biblioteca actual Ubicación en estantería Fecha de adquisición Fuente de adquisición Total de préstamos Signatura topográfica completa Código de barras Visto por última vez Precio de reemplazo Tipo de ítem Koha
        Biblioteca del Ateneo de Madrid Biblioteca del Ateneo de Madrid Sala Valle Inclán 17/01/2008     D-9113 901138121 23/02/2023 23/02/2023 Libro impreso